00321nam a2200133Ia 450000100060000000800410000604000130004708200180006010000170007824500330009526000420012830000100017054600070018029442140415s9999 xx 000 0 und d cPK-LaUMT a 216.2bFLO-B aDonald Flood 4aThe best way to live and die bWorld Assembly of Muslim Youth,c1999 a38 p. aEN